Qualitative GIS: a mixed methods approach

Wedi'i Gadw mewn:
Manylion Llyfryddiaeth
Awduron Eraill: Cope, Meghan (Golygydd), Elwood, Sarah (Golygydd)
Fformat: Llyfr
Iaith:Saesneg
Cyhoeddwyd: Los Angeles, USA: Sage, 2009.
Pynciau:
Tagiau: Ychwanegu Tag
Dim Tagiau, Byddwch y cyntaf i dagio'r cofnod hwn!

MARC

LEADER 00000cam a2200000 a 4500
001 UCC0969
003 CL-VaPUC
005 20240304171239.0
008 170915e20090000us |||||||||||||||||eng|d
999 |c 369583  |d 369581 
020 |a 9781412945653 
040 |c Pontificia Universidad Católica de Valparaíso 
082 7 |a 910.285 COP 2009  |2 22 
100 |a Cope, Meghan  |9 887362  |e editor 
245 1 0 |a Qualitative GIS: a mixed methods approach 
260 |a Los Angeles, USA:  |b Sage,  |c 2009. 
300 |a ix, 182 páginas. 
583 |a last modification  |c 20170915 11:20:00  |k Rodrigo Vera 
650 0 |a Sistemas de información geográfica   |9 466572 
650 0 |a Investigación cualitativa  |9 389535 
650 0 |a Métodos de investigación   |9 262618 
700 |a Elwood, Sarah  |e editor  |9 594934 
942 |c BK  |2 ddc 
945 |d 20170915 11:20:00  |a arojas 
952 |0 0  |1 0  |3 erb  |4 0  |6 910_285000000000000_COP_2009  |7 0  |8 A  |9 485491  |a BIBING  |b BIBING  |i 5424283  |o 910.285 COP 2009  |p 5424283  |r 2025-01-20  |w 2019-11-24  |y BK  |z Catalogado en:20170915  |k GEO 
952 |0 0  |1 0  |3 erb  |4 0  |6 910_285000000000000_COP_2009  |7 0  |8 A  |9 485492  |a BIBING  |b BIBING  |i 5424291  |l 1  |o 910.285 COP 2009  |p 5424291  |r 2025-01-20  |s 2023-09-04  |w 2019-11-24  |y BK  |z Catalogado en:20170915  |k GEO 
952 |0 0  |1 0  |2 ddc  |4 0  |6 910_285000000000000_COP_2009  |7 0  |8 A  |9 593554  |a BIBING  |b BIBING  |d 2024-03-04  |e 1  |g 94055.00  |i 5660288  |o 910.285 COP 2009  |p 5660288  |r 2025-01-20  |t 3  |v 94055.00  |w 2024-03-04  |y BK  |k GEO 
952 |0 0  |1 0  |2 ddc  |4 0  |6 910_285000000000000_COP_2009  |7 0  |8 A  |9 593555  |a BIBING  |b BIBING  |d 2024-03-04  |e 1  |g 94055.00  |i 5660289  |o 910.285 COP 2009  |p 5660289  |r 2025-01-20  |t 4  |v 94055.00  |w 2024-03-04  |y BK  |k GEO